[Event "Nikaia op 16th"]
[Site "Nikaia"]
[Date "2008.09.01"]
[Round "9"]
[White "Mbirlis, Hristos"]
[Black "Atanasov, Radislav"]
[Result "0-1"]
[WhiteElo "2004"]
[BlackElo "2232"]
[PlyCount "75"]
[EventDate "2008.08.25"]
[EventType "swiss"]
[EventRounds "9"]
[EventCountry "GRE"]
[SourceTitle "CBM 126 Extra"]
[Source "ChessBase"]
[SourceDate "2008.11.05"]
[SourceVersion "1"]
[SourceVersionDate "2008.11.05"]
[SourceQuality "1"]

1. Nf3 Nf6 2. g3 d5 3. d4 c5 4. c3 Nc6 5. Bg2 Bg4 6. Na3 cxd4 7. cxd4 e6 8. Nc2 Bd6 9. 0-0 0-0 10. Nce1 Qb6 11. e3 a5 12. h3 Bh5 13. g4 Bg6 14. Nh4 Be4 15. f3 Bg3 16. fxe4 Bxh4 17. exd5 exd5 18. Nd3 Rad8 19. Nc5 Qc7 20. Bd2 Rfe8 21. Rc1 Bg5 22. Rf3 b6 23. Nd3 Qd6 24. Nf4 Ne4 25. Be1 Rc8 26. Rf1 Bd8 27. Kh1 Bc7 28. h4 h6 29. Qc2 Bb8 30. Bxe4 Rxe4 31. Qf2 Rce8 32. Rc3 Nxd4 33. Rd3 Nc6 34. Nxd5 Ne5 35. Rd2 Rxg4 36. Nf4 Qc6+ 37. Kh2 Rxf4 38. Qxf4 0-1

[Event "Nikaia op 16th"]
[Site "Nikaia"]
[Date "2008.08.27"]
[Round "3"]
[White "Mbirlis, Hristos"]
[Black "Stergiou, Evangelos"]
[Result "1/2-1/2"]
[WhiteElo "2004"]
[BlackElo "2188"]
[PlyCount "201"]
[EventDate "2008.08.25"]
[EventType "swiss"]
[EventRounds "9"]
[EventCountry "GRE"]
[SourceTitle "CBM 126 Extra"]
[Source "ChessBase"]
[SourceDate "2008.11.05"]
[SourceVersion "1"]
[SourceVersionDate "2008.11.05"]
[SourceQuality "1"]

1. Nf3 Nf6 2. g3 g6 3. Bg2 Bg7 4. 0-0 d6 5. c4 0-0 6. Nc3 c6 7. d3 Nbd7 8. Rb1 e5 9. b4 a6 10. Nd2 a5 11. b5 c5 12. Nde4 Nxe4 13. dxe4 Nb6 14. Qd3 Be6 15. Nd5 Bxd5 16. exd5 f5 17. Bb2 Nd7 18. e4 Qg5 19. Bc1 Qf6 20. Bd2 b6 21. f3 Rf7 22. Bh3 Raf8 23. Rbe1 Kh8 24. Qb1 h6 25. Qc1 Kh7 26. Kh1 Rg8 27. Qb1 Bf8 28. f4 exf4 29. Rxf4 Ne5 30. Bc3 Bg7 31. exf5 g5 32. Bxe5 dxe5 33. Rfe4 Re7 34. R4e2 Kh8 35. Bg4 Qd6 36. Qe4 Bf6 37. Bh5 Kg7 38. Kg2 Kf8 39. Bg6 Reg7 40. Qg4 Rh8 41. Qh5 Re7 42. Re4 Rg7 43. Rh1 Ke7 44. h4 Rgg8 45. Rhe1 Kf8 46. R1e2 Ke7 47. R2e3 Kd8 48. Qe2 Rg7 49. Kf3 Re7 50. Kf2 Kd7 51. Ke1 Kd8 52. Kd1 Kd7 53. Kc2 Kd8 54. Kd3 Kd7 55. Qg4 Qb8 56. Re1 Kd6 57. Rh1 Rc7 58. Re2 Rcc8 59. Ke4 Rcf8 60. Rh3 Qd8 61. Reh2 Qb8 62. Rh1 Qd8 63. Qh5 Qe7 64. R1h2 Qg7 65. Qe2 Qe7 66. hxg5 hxg5 67. Rh7 Qd8 68. Qg2 Rxh7 69. Rxh7 Rh8 70. Rb7 Rh6 71. Kd3 Rh8 72. Bh7 Re8 73. Ke4 Re7 74. Rxe7 Qxe7 75. Qh3 Qf7 76. Qh6 Qg7 77. Qh5 Ke7 78. Qg6 Kd7 79. g4 Ke7 80. Bg8 Qf8 81. Be6 Qg7 82. d6+ Kxd6 83. Qe8 Qb7+ 84. Bd5 Qd7 85. Qb8+ Qc7 86. Qg8 Qe7 87. Ba8 Qd7 88. Bd5 Kc7 89. Qa8 Kd6 90. Be6 Qd8 91. Qc6+ Ke7 92. Qb7+ Kd6 93. Qf7 Qe7 94. Qg8 Qd8 95. Qg6 Qf8 96. Bg8 Qe7 97. Bf7 Qd8 98. Qh7 Qh8 99. Qh5 Qg7 100. Bd5 Qh8 101. Kf3 1/2-1/2

[Event "Nikaia op 16th"]
[Site "Nikaia"]
[Date "2008.08.26"]
[Round "2"]
[White "Aggelis, Nikolaos"]
[Black "Mbirlis, Hristos"]
[Result "1-0"]
[WhiteElo "2271"]
[BlackElo "2004"]
[PlyCount "57"]
[EventDate "2008.08.25"]
[EventType "swiss"]
[EventRounds "9"]
[EventCountry "GRE"]
[SourceTitle "CBM 126 Extra"]
[Source "ChessBase"]
[SourceDate "2008.11.05"]
[SourceVersion "1"]
[SourceVersionDate "2008.11.05"]
[SourceQuality "1"]

1. Nf3 d5 2. g3 Nf6 3. Bg2 c5 4. 0-0 Nc6 5. d4 Bf5 6. c4 e6 7. Nc3 Be7 8. cxd5 exd5 9. dxc5 0-0 10. Nd4 Bg6 11. Nb3 d4 12. Bxc6 bxc6 13. Qxd4 Qc8 14. Bg5 Qf5 15. Qf4 Qh3 16. Qh4 Qf5 17. e4 Qe6 18. Nd4 Qd7 19. e5 h6 20. Bxf6 gxf6 21. exf6 Bd8 22. Rad1 Kh7 23. Ne4 Rh8 24. Rfe1 Ba5 25. b4 Bxb4 26. Nc2 Qf5 27. Nxb4 Rhb8 28. Nxc6 Rb2 29. Ne7 1-0

[Event "Nikaia op 15th"]
[Site "Nikaia"]
[Date "2007.08.29"]
[Round "8"]
[White "Mbirlis, Hristos"]
[Black "Delithanasis, Dimitrios"]
[Result "1/2-1/2"]
[WhiteElo "2018"]
[BlackElo "2217"]
[PlyCount "114"]
[EventDate "2007.08.23"]
[EventType "swiss"]
[EventRounds "9"]
[EventCountry "GRE"]
[SourceTitle "CBM 120 Extra"]
[Source "ChessBase"]
[SourceDate "2007.11.01"]
[SourceVersion "1"]
[SourceVersionDate "2007.11.01"]
[SourceQuality "1"]

1. Nf3 d5 2. d4 c6 3. c4 e6 4. cxd5 exd5 5. Nc3 Bf5 6. Qb3 Qb6 7. Qa4 Nd7 8. g3 Ngf6 9. Nh4 Be6 10. Bg2 h6 11. 0-0 g5 12. Nf3 Bg7 13. Nd2 0-0 14. h3 Bf5 15. Nf3 Rfe8 16. h4 g4 17. Ne1 Ne4 18. e3 Nxc3 19. bxc3 Nf6 20. c4 dxc4 21. Qxc4 Ne4 22. Nd3 Nd6 23. Qc2 Qa6 24. Rd1 c5 25. e4 Nxe4 26. Nxc5 Nxg3 27. Qxf5 Nxf5 28. Nxa6 Nxd4 29. Rb1 Ne2+ 30. Kf1 Nc3 31. Be3 bxa6 32. Bxa8 Nxd1 33. Rxd1 Rxa8 34. Rd7 Re8 35. Rxa7 Re6 36. h5 Be5 37. a4 f5 38. a5 f4 39. Bb6 Bc3 40. Rxa6 Re1+ 41. Kg2 Be5 42. f3 Re2+ 43. Kf1 gxf3 44. Ra7 Ra2 45. Rd7 Bc3 46. Rd5 Bf6 47. Bd8 Bxd8 48. Rxd8+ Kg7 49. Rd5 Kf6 50. Rc5 Rd2 51. Ke1 Rh2 52. Kf1 Re2 53. Rd5 Ke6 54. Rb5 Ra2 55. Rc5 f2 56. Rb5 Kf6 57. Rc5 Kg7 1/2-1/2

[Event "Heraklio op-A 11th"]
[Site "Heraklion"]
[Date "2007.06.12"]
[Round "4"]
[White "Manolaraki, Yvonni"]
[Black "Mbirlis, Hristos"]
[Result "0-1"]
[WhiteElo "2098"]
[BlackElo "2047"]
[PlyCount "116"]
[EventDate "2007.06.09"]
[EventType "swiss"]
[EventRounds "9"]
[EventCountry "GRE"]
[SourceTitle "EXT 2008"]
[Source "ChessBase"]
[SourceDate "2007.11.25"]
[SourceVersion "1"]
[SourceVersionDate "2007.11.25"]
[SourceQuality "1"]

1. e4 c5 2. Nf3 Nc6 3. d4 cxd4 4. Nxd4 Nf6 5. Nc3 e5 6. Ndb5 d6 7. Bg5 a6 8. Na3 b5 9. Nd5 Be7 10. Bxf6 Bxf6 11. c3 0-0 12. Nc2 Bg5 13. a4 bxa4 14. Rxa4 a5 15. Bc4 Rb8 16. b3 Bd7 17. 0-0 Kh8 18. Nce3 g6 19. Kh1 f5 20. exf5 gxf5 21. f4 exf4 22. Nxf4 Ne5 23. Ra2 Nxc4 24. Nxc4 Bf6 25. Nd5 Be5 26. Rxa5 Bb5 27. Ra2 Bxc4 28. bxc4 Qh4 29. g3 Qxc4 30. Raf2 Qe4+ 31. Qf3 Rfc8 32. Qxe4 fxe4 33. Re2 Rc5 34. Rd1 Rbb5 35. Red2 Kg7 36. Kg2 Kf7 37. Kf2 Ke6 38. Nf4+ Kf5 39. Nd5 Ke6 40. Nf4+ Bxf4 41. gxf4 d5 42. Rc2 Rb3 43. Rdc1 Kf5 44. Ke3 Rc4 45. Rd1 Rbxc3+ 46. Rxc3 Rxc3+ 47. Kd4 Rc2 48. Ke3 Rc3+ 49. Kd4 Rf3 50. Rd2 Kxf4 51. Kc5 Rd3 52. Rf2+ Kg5 53. Rg2+ Kf6 54. Kb4 e3 55. Re2 Kf5 56. Re1 Ke4 57. Kc5 Rd2 58. h4 e2 0-1

[Event "Piraeus-ch 40th"]
[Site "Egaleo"]
[Date "2004.12.14"]
[Round "9.4"]
[White "Mbirlis, Hristos"]
[Black "Vlahos, Athanasios"]
[Result "0-1"]
[WhiteElo "2038"]
[BlackElo "2017"]
[PlyCount "68"]
[EventDate "2004.11.13"]
[EventType "swiss"]
[EventRounds "9"]
[EventCountry "GRE"]
[SourceTitle "EXT 2024"]
[Source "ChessBase"]
[SourceDate "2023.10.10"]
[SourceVersion "1"]
[SourceVersionDate "2023.10.10"]
[SourceQuality "1"]

1. e4 Nf6 2. e5 Nd5 3. c4 Nb6 4. d4 d6 5. f4 dxe5 6. fxe5 Nc6 7. Be3 Bf5 8. Nc3 e6 9. Rc1 Be7 10. Qd2 0-0 11. Nf3 f6 12. exf6 Bxf6 13. Be2 Qd7 14. 0-0 a5 15. Rfd1 Rad8 16. Qe1 Qf7 17. Qg3 Rd7 18. Rd2 Rfd8 19. Qf4 Kh8 20. Nb5 Bg6 21. Ng5 Bxg5 22. Qxg5 Nc8 23. Bf3 Nd6 24. Nxd6 Rxd6 25. Bxc6 bxc6 26. Qxa5 Be4 27. Rf1 Qg6 28. Qxc7 h6 29. Rf8+ Rxf8 30. Qxd6 Rf6 31. Qg3 Qh5 32. Qe5 Qg6 33. a4 Bxg2 34. Bf2 Bh3+ 0-1

[Event "Piraeus-ch 40th"]
[Site "Egaleo"]
[Date "2004.12.08"]
[Round "8.2"]
[White "Katsiris, Ioannis"]
[Black "Mbirlis, Hristos"]
[Result "1-0"]
[WhiteElo "2093"]
[BlackElo "2083"]
[PlyCount "35"]
[EventDate "2004.11.13"]
[EventType "swiss"]
[EventRounds "9"]
[EventCountry "GRE"]
[SourceTitle "EXT 2024"]
[Source "ChessBase"]
[SourceDate "2023.10.10"]
[SourceVersion "1"]
[SourceVersionDate "2023.10.10"]
[SourceQuality "1"]

1. e4 e5 2. Bc4 Nf6 3. d3 Be7 4. Nc3 0-0 5. f4 Nc6 6. Nf3 d6 7. f5 Na5 8. Qe2 a6 9. g4 Nxg4 10. Qg2 Bh4+ 11. Ke2 b5 12. Qxg4 Bf6 13. Bb3 Kh8 14. Nd5 Nxb3 15. axb3 g6 16. Nxf6 Qxf6 17. Bg5 Qg7 18. Qh4 1-0

[Event "Piraeus-ch 40th"]
[Site "Egaleo"]
[Date "2004.12.01"]
[Round "6.4"]
[White "Mbirlis, Hristos"]
[Black "Bogdanos, Antonios"]
[Result "1-0"]
[WhiteElo "2038"]
[BlackElo "2103"]
[PlyCount "95"]
[EventDate "2004.11.13"]
[EventType "swiss"]
[EventRounds "9"]
[EventCountry "GRE"]
[SourceTitle "EXT 2024"]
[Source "ChessBase"]
[SourceDate "2023.10.10"]
[SourceVersion "1"]
[SourceVersionDate "2023.10.10"]
[SourceQuality "1"]

1. Nf3 Nf6 2. g3 d5 3. Bg2 e6 4. 0-0 Be7 5. d3 c5 6. c4 Nc6 7. cxd5 exd5 8. Bg5 0-0 9. h3 h6 10. Bf4 Bd6 11. Bxd6 Qxd6 12. Nc3 d4 13. Nb5 Qd8 14. Qc1 Qb6 15. Nd6 Rd8 16. Nxc8 Raxc8 17. Nd2 Re8 18. Re1 Nb4 19. Qc4 Nc6 20. Qc2 Re7 21. Rac1 Ne5 22. a3 Rce8 23. Kf1 Qa6 24. Nc4 b6 25. Nd6 Rd8 26. Nf5 Ree8 27. Qd2 Qc8 28. Nh4 Qd7 29. Kg1 Qe6 30. Kh2 Nd5 31. Be4 Nf6 32. Bg2 Nd5 33. Nf3 Ng6 34. b4 cxb4 35. axb4 Qd6 36. Rc4 Ne5 37. Rxd4 Nc6 38. Rg4 Ndxb4 39. d4 f5 40. Rf4 Qd7 41. e4 fxe4 42. Rfxe4 a5 43. Qe2 Rxe4 44. Qxe4 Nxd4 45. Ne5 Qe8 46. Bf1 b5 47. f4 Nbc2 48. Rd1 1-0